| 000 | 00469nam a2200169 a 4500 | ||
|---|---|---|---|
| 005 | 20140412111308.0 | ||
| 008 | 010502s19uu xx 00 eng d | ||
| 020 | _a1-85854-369-X | ||
| 050 |
_aTR(PS E _bSh1 1996 |
||
| 100 | _aDavies, Gill | ||
| 245 |
_aSharing / _cby Gill Davies; illustrated by Stephanie Longfoot. |
||
| 260 |
_aEngland : _bBrimax Books Ltd, _c1996. |
||
| 300 | _a1v. (unp.) ; ill. | ||
| 440 | _aNow I am Big | ||
| 650 | _aTitle | ||
| 999 |
_c103798 _d103798 |
||